| 000 | 01318cam a22003617a 4500 | ||
|---|---|---|---|
| 001 | 16061816 | ||
| 003 | OSt | ||
| 005 | 20231206143512.0 | ||
| 008 | 100120r20092008ii b 000 0 eng | ||
| 010 | _a 2010290651 | ||
| 020 | _a9780198063483 (pbk.) | ||
| 020 | _a0198063482 (pbk.) | ||
| 040 |
_aDLC _cDLC _dDLC |
||
| 050 | 0 | 0 |
_aDS422.C3 _bC57 2009 |
| 082 |
_a305.56880954 _bBHA/C |
||
| 245 | 0 | 0 |
_aClaiming power from below : _bDalits and the subaltern question of India / _cedited by Manu Bhagavan and Anne Feldhaus. |
| 260 |
_aNew Delhi ; _aOxford : _bOxford University Press, _c2009. |
||
| 300 |
_ax, 222 p. ; _c22 cm. |
||
| 490 | 1 | _aOxford India paperbacks | |
| 500 | _aOriginally published: 2008. | ||
| 504 | _aIncludes bibliographical references. | ||
| 650 | 0 |
_aDalits _xSocial conditions. |
|
| 650 | 0 |
_aDalits _xPolitical activity. |
|
| 650 | 0 |
_aIndic literature _xDalit authors. |
|
| 650 | 0 |
_aCaste _zIndia. |
|
| 651 | 0 |
_aIndia _xEthnic relations. |
|
| 700 | 1 |
_aBhagavan, Manu Belur, _d1970- _910070 |
|
| 700 | 1 | _aFeldhaus, Anne. | |
| 830 | 0 | _aOxford India paperbacks. | |
| 906 |
_a7 _bcbc _corigres _d2 _encip _f20 _gy-gencatlg |
||
| 942 |
_2ddc _cBK _h305.56880954 _iBHA/C _k305.56880954 _mBHA/C |
||
| 999 |
_c43769 _d43769 |
||